[Event "TUR Cup										"]
[Site "Antalya"]
[Date "2018.01.31"]
[Round "7"]
[White "Esti, Kubra Selenay"]
[Black "Alpaydin, Deniz"]
[Result "1-0"]
[WhiteElo "1587"]
[BlackElo "1312"]
[PlyCount "105"]
[EventDate "2018.01.27"]
[EventType "swiss"]
[EventRounds "11"]
[EventCountry "TUR"]
[SourceTitle "CBM 182 Extra"]
[Source "ChessBase"]
[SourceDate "2018.02.23"]
[SourceVersion "1"]
[SourceVersionDate "2018.02.23"]
[SourceQuality "1"]

1. d4 f5 2. Bg5 g6 3. Nc3 Bg7 4. e4 d6 5. h4 Nc6 6. Nf3 Nf6 7. Bxf6 Bxf6 8. Qd2 e6 9. a3 Bd7 10. Bb5 Qe7 11. 0-0-0 a6 12. Bf1 b5 13. exf5 gxf5 14. Re1 Kd8 15. Nd5 Qf8 16. Nxf6 Qxf6 17. d5 Ne5 18. Nxe5 dxe5 19. dxe6 Qxe6 20. Qg5+ Kc8 21. Qg7 Kb7 22. Qxe5 Qh6+ 23. Qe3 Qxe3+ 24. Rxe3 Rae8 25. Bd3 Rxe3 26. fxe3 Bc6 27. Bxf5 Bxg2 28. Rg1 Bf3 29. Rg3 Bh5 30. Be4+ Kc8 31. Rg5 Be8 32. Rg7 h5 33. Bf5+ Kb7 34. Be4+ Bc6 35. Bxc6+ Kxc6 36. Rg5 Rh6 37. Kd2 Rd6+ 38. Ke2 Rd5 39. Rg6+ Rd6 40. Rg7 a5 41. e4 Re6 42. Ke3 Kd6 43. Rg5 Re5 44. Kf4 Rxg5 45. hxg5 Ke6 46. e5 h4 47. g6 h3 48. Kg3 h2 49. Kxh2 c5 50. c3 b4 51. cxb4 axb4 52. axb4 cxb4 53. b3 1-0